Propuesta de un sistema operativo con buenas prácticas logísticas para la organización Exprezo

Na minha lista:
Detalhes bibliográficos
Autor principal: Barboza Hernández, Manuel
Outros Autores: Gutierrez Alonso, Daniel, Retana Quesada, Eduardo
Formato: Livro
Publicado em: [San José, Costa Rica] 2016
Assuntos:
Tags: Adicionar Tag
Sem tags, seja o primeiro a adicionar uma tag!

MARC

LEADER 00000nam a22000007a 4500
003 012329
005 20221231144041.0
008 160225b2016 cr ad||| |||| 00| ||s d
040 |c cru CEDI 
090 |a TFG 7493 
100 |9 3316  |a Barboza Hernández, Manuel 
245 |a Propuesta de un sistema operativo con buenas prácticas logísticas para la organización Exprezo  
260 |a [San José, Costa Rica]  |c 2016 
300 |a xvi , 224 hojas; ilustraciones (algunas a color) 
500 |a Proyecto de graduación (licenciatura en ingeniería industrial)--Universidad de Costa Rica. Facultad de Ingeniería. Escuela de Ingeniería Industrial 
650 |x LOGISTICA EN LOS NEGOCIOS  |x VENTAS - DIRECCION Y ORGANIZACION  |x SERVICIO AL CLIENTE - EVALUACION  |x CANALES DE DISTRIBUCION  |x MEJORAMIENTO DE PROCESOS  |9 3319 
700 |9 3317  |a Gutierrez Alonso, Daniel 
700 |9 3318  |a Retana Quesada, Eduardo  
942 |c TFG 
999 |c 16156  |d 16156